000 00372nam a2200133Ia 4500
008 151001s9999||||xx |||||||||||||| ||und||
100 _aकृष्णदेव झारी
245 _aचालीस श्रष्ठ कहानियाँ
250 _a1
260 _bलिट्रेसी
260 _c2001
300 _a387
365 _b21
999 _c977955
_d977952